[Event "Copenhagen Chess Challenge 2"]
[Site "?"]
[Date "2015.05.01"]
[Round "5.1"]
[White "Christiansen,2392, FM Johan-Sebastian"]
[Black "Vesterli,2118, Michael E."]
[Result "1-0"]
[BlackElo "2118"]
[WhiteElo "2392"]
[LiveChessVersion "1.4.6"]

1. Nf3 {[%clk 1:30:20]} Nf6 {[%clk 1:30:54]} 2. c4 {[%clk 1:30:44]} g6
{[%clk 1:31:16]} 3. g3 {[%clk 1:31:00]} Bg7 {[%clk 1:31:38]} 4. Bg2
{[%clk 1:31:26]} O-O {[%clk 1:32:01]} 5. O-O {[%clk 1:31:45]} d6 {[%clk 1:32:25]}
6. Nc3 {[%clk 1:32:12]} Nc6 {[%clk 1:32:44]} 7. d3 {[%clk 1:32:18]} e5
{[%clk 1:31:54]} 8. b3 {[%clk 1:29:42]} Re8 {[%clk 1:28:01]} 9. Bb2
{[%clk 1:27:42]} Bf5 {[%clk 1:25:53]} 10. Qd2 {[%clk 1:25:28]} Qd7
{[%clk 1:25:33]} 11. Rfe1 {[%clk 1:24:27]} Bh3 {[%clk 1:20:48]} 12. Bh1
{[%clk 1:24:30]} h6 {[%clk 1:19:17]} 13. Rad1 {[%clk 1:21:33]} Nh7
{[%clk 1:10:12]} 14. e4 {[%clk 1:18:48]} Bg4 {[%clk 1:07:32]} 15. Ne2
{[%clk 1:15:16]} f5 {[%clk 1:05:53]} 16. Nh4 {[%clk 1:09:18]} Qf7
{[%clk 0:51:57]} 17. exf5 {[%clk 1:08:37]} Bxf5 {[%clk 0:52:14]} 18. Nxf5
{[%clk 1:08:41]} Qxf5 {[%clk 0:52:34]} 19. Be4 {[%clk 0:58:58]} Qh5
{[%clk 0:50:57]} 20. Nc3 {[%clk 0:50:39]} Ng5 {[%clk 0:43:17]} 21. Bd5+
{[%clk 0:50:55]} Kh8 {[%clk 0:42:23]} 22. Qe2 {[%clk 0:47:44]} Qh3
{[%clk 0:40:49]} 23. Bg2 {[%clk 0:40:51]} Qd7 {[%clk 0:38:54]} 24. Nd5
{[%clk 0:33:11]} Rf8 {[%clk 0:36:51]} 25. Rf1 {[%clk 0:28:43]} Rae8
{[%clk 0:32:31]} 26. Rde1 {[%clk 0:24:39]} Kh7 {[%clk 0:31:01]} 27. h4
{[%clk 0:22:46]} Ne6 {[%clk 0:31:14]} 28. Be4 {[%clk 0:21:32]} Ned4
{[%clk 0:27:54]} 29. Qd1 {[%clk 0:21:30]} Kh8 {[%clk 0:27:45]} 30. b4
{[%clk 0:19:22]} Nf5 {[%clk 0:25:11]} 31. Kg2 {[%clk 0:12:57]} Ncd4
{[%clk 0:22:46]} 32. Bxd4 {[%clk 0:11:53]} exd4 {[%clk 0:17:05]} 33. Qg4
{[%clk 0:11:17]} Bf6 {[%clk 0:01:12]} 34. Qxg6 {[%clk 0:08:50]} Nxh4+
{[%clk 0:01:18]} 35. gxh4 {[%clk 0:09:14]} Rg8 {[%clk 0:01:44]} 36. Nxf6
{[%clk 0:09:40]} Rxg6+ {[%clk 0:02:06]} 37. Bxg6 {[%clk 0:10:06]} Qc6+
{[%clk 0:01:51]} 38. Be4 {[%clk 0:10:27]} d5 {[%clk 0:00:40]} 39. Bxd5
{[%clk 0:10:43]} Qxf6 {[%clk 0:01:03]} 40. Rxe8+ {[%clk 0:11:10]} Kh7
{[%clk 0:01:11]} 41. Rfe1 {[%clk 0:11:20]} Qxh4 {[%clk 0:00:44]} 42. R1e7+
{[%clk 0:10:28]} Kg6 {[%clk 0:01:08]} 43. Re6+ {[%clk 0:09:26]} Kg7
{[%clk 0:00:45]} 44. Rg8+ {[%clk 0:08:53]} 1-0

[Event "Copenhagen Chess Challenge 2"]
[Site "?"]
[Date "2015.05.01"]
[Round "5.2"]
[White "Englert,2318, FM Fabian"]
[Black "Risting,2107, Eivind Olav"]
[Result "1-0"]
[BlackElo "2107"]
[WhiteElo "2318"]
[LiveChessVersion "1.4.6"]

1. Nc3 {[%clk 1:30:56]} d5 {[%clk 1:30:43]} 2. d4 {[%clk 1:31:19]} Nf6
{[%clk 1:30:32]} 3. Bf4 {[%clk 1:31:40]} c5 {[%clk 1:29:51]} 4. e3
{[%clk 1:31:20]} a6 {[%clk 1:25:08]} 5. dxc5 {[%clk 1:30:53]} Nc6
{[%clk 1:23:47]} 6. Nf3 {[%clk 1:30:30]} Bg4 {[%clk 1:22:42]} 7. Be2
{[%clk 1:29:48]} e6 {[%clk 1:22:32]} 8. Na4 {[%clk 1:25:18]} Bxc5
{[%clk 1:22:02]} 9. Nxc5 {[%clk 1:25:45]} Qa5+ {[%clk 1:22:21]} 10. Nd2
{[%clk 1:21:26]} Bxe2 {[%clk 1:20:17]} 11. Nxb7 {[%clk 1:21:28]} Bxd1
{[%clk 1:18:50]} 12. Nxa5 {[%clk 1:21:55]} Nxa5 {[%clk 1:17:37]} 13. Rxd1
{[%clk 1:18:46]} O-O {[%clk 1:17:36]} 14. O-O {[%clk 1:03:48]} Rfc8
{[%clk 1:17:11]} 15. c3 {[%clk 1:03:39]} Ra7 {[%clk 1:14:35]} 16. Rc1
{[%clk 0:50:07]} Rb7 {[%clk 1:12:05]} 17. b3 {[%clk 0:50:19]} Rb6
{[%clk 1:11:17]} 18. Rc2 {[%clk 0:46:05]} Rbc6 {[%clk 1:09:15]} 19. Rfc1
{[%clk 0:46:32]} Nd7 {[%clk 1:07:19]} 20. Kf1 {[%clk 0:43:57]} e5
{[%clk 1:04:47]} 21. Bg3 {[%clk 0:44:23]} f6 {[%clk 1:04:39]} 22. f3
{[%clk 0:41:59]} Kf7 {[%clk 1:03:30]} 23. Nb1 {[%clk 0:37:56]} Ke6
{[%clk 1:01:41]} 24. Na3 {[%clk 0:36:56]} g5 {[%clk 0:59:01]} 25. Be1
{[%clk 0:36:36]} Nb7 {[%clk 0:54:58]} 26. c4 {[%clk 0:36:50]} dxc4
{[%clk 0:48:48]} 27. Rxc4 {[%clk 0:37:18]} Rxc4 {[%clk 0:48:33]} 28. Rxc4
{[%clk 0:36:46]} Rxc4 {[%clk 0:48:55]} 29. Nxc4 {[%clk 0:37:14]} f5
{[%clk 0:48:58]} 30. Ke2 {[%clk 0:33:10]} e4 {[%clk 0:47:08]} 31. Bc3
{[%clk 0:29:39]} Nbc5 {[%clk 0:46:04]} 32. Nb2 {[%clk 0:29:44]} Kd5
{[%clk 0:44:26]} 33. b4 {[%clk 0:29:57]} Ne6 {[%clk 0:43:26]} 34. fxe4+
{[%clk 0:29:45]} fxe4 {[%clk 0:42:58]} 35. Kd2 {[%clk 0:28:32]} g4
{[%clk 0:42:36]} 36. Kc2 {[%clk 0:28:07]} h5 {[%clk 0:42:03]} 37. Kb3
{[%clk 0:27:30]} h4 {[%clk 0:40:54]} 38. Be1 {[%clk 0:26:45]} h3 {[%clk 0:40:23]}
39. gxh3 {[%clk 0:27:14]} gxh3 {[%clk 0:40:53]} 40. Bg3 {[%clk 0:26:36]} Ng7
{[%clk 0:40:43]} 41. Nd1 {[%clk 0:26:47]} Nf5 {[%clk 0:39:35]} 42. Nc3+
{[%clk 0:26:55]} Kc6 {[%clk 0:38:39]} 43. Nxe4 {[%clk 0:27:00]} Nxe3
{[%clk 0:38:42]} 44. Ng5 {[%clk 0:26:34]} Nf6 {[%clk 0:38:56]} 45. Nxh3
{[%clk 0:26:19]} Nf1 {[%clk 0:38:03]} 46. Nf2 {[%clk 0:24:20]} a5
{[%clk 0:34:44]} 47. bxa5 {[%clk 0:20:20]} Kb5 {[%clk 0:35:07]} 48. Bc7
{[%clk 0:19:18]} Nd5 {[%clk 0:35:16]} 49. Bd6 {[%clk 0:13:27]} Kxa5
{[%clk 0:35:11]} 50. h4 {[%clk 0:13:20]} Nf6 {[%clk 0:35:14]} 51. Bf4
{[%clk 0:13:25]} Nh5 {[%clk 0:35:12]} 52. Nd3 {[%clk 0:13:25]} Kb5
{[%clk 0:35:24]} 53. a4+ {[%clk 0:11:46]} Ka5 {[%clk 0:34:51]} 54. Ka3
{[%clk 0:10:24]} Nf6 {[%clk 0:34:22]} 55. Bg5 {[%clk 0:10:37]} Nh5
{[%clk 0:34:19]} 56. Bf4 {[%clk 0:09:36]} Nf6 {[%clk 0:34:26]} 57. Bc7+
{[%clk 0:07:11]} Ka6 {[%clk 0:34:50]} 58. Nc5+ {[%clk 0:07:40]} Ka7
{[%clk 0:34:48]} 59. Bf4 {[%clk 0:08:08]} Kb6 {[%clk 0:34:56]} 60. Ne6
{[%clk 0:07:52]} Nh5 {[%clk 0:34:43]} 61. Kb4 {[%clk 0:08:18]} Ka6
{[%clk 0:34:42]} 62. a5 {[%clk 0:07:14]} Nxf4 {[%clk 0:33:59]} 63. Nxf4
{[%clk 0:07:43]} Ne3 {[%clk 0:34:03]} 64. h5 {[%clk 0:07:38]} Nf5
{[%clk 0:34:17]} 65. Ne6 {[%clk 0:06:24]} Ng7 {[%clk 0:33:19]} 66. Nxg7
{[%clk 0:06:48]} 1-0

[Event "Copenhagen Chess Challenge 2"]
[Site "?"]
[Date "2015.05.01"]
[Round "5.3"]
[White "Rydstrom,2286, FM Tom"]
[Black "Kyrkjebo,2074, Erlend"]
[Result "1-0"]
[BlackElo "2074"]
[WhiteElo "2286"]
[LiveChessVersion "1.4.6"]

1. e4 {[%clk 1:26:44]} c5 {[%clk 1:30:51]} 2. Nf3 {[%clk 1:26:36]} d6
{[%clk 1:30:50]} 3. d4 {[%clk 1:27:01]} cxd4 {[%clk 1:31:16]} 4. Nxd4
{[%clk 1:27:28]} Nf6 {[%clk 1:31:29]} 5. Nc3 {[%clk 1:27:56]} g6 {[%clk 1:31:41]}
6. Be3 {[%clk 1:28:07]} Bg7 {[%clk 1:32:00]} 7. f3 {[%clk 1:28:22]} O-O
{[%clk 1:32:19]} 8. Bc4 {[%clk 1:27:47]} Nc6 {[%clk 1:32:20]} 9. Qd2
{[%clk 1:28:12]} Bd7 {[%clk 1:32:37]} 10. g4 {[%clk 1:28:37]} Ne5
{[%clk 1:22:33]} 11. Bb3 {[%clk 1:22:30]} b5 {[%clk 1:22:23]} 12. h4
{[%clk 1:14:21]} a5 {[%clk 1:08:19]} 13. a4 {[%clk 1:10:11]} Qb6 {[%clk 0:52:14]}
14. Qe2 {[%clk 0:50:19]} bxa4 {[%clk 0:34:32]} 15. Nxa4 {[%clk 0:15:43]} Qb4+
{[%clk 0:33:31]} 16. c3 {[%clk 0:13:49]} Qb8 {[%clk 0:24:25]} 17. h5
{[%clk 0:13:35]} Nxf3+ {[%clk 0:18:53]} 18. Qxf3 {[%clk 0:13:27]} Bxg4
{[%clk 0:12:55]} 19. Qg2 {[%clk 0:13:32]} e5 {[%clk 0:11:54]} 20. hxg6
{[%clk 0:12:58]} exd4 {[%clk 0:08:51]} 21. Bxf7+ {[%clk 0:12:53]} Rxf7
{[%clk 0:05:46]} 22. gxf7+ {[%clk 0:13:22]} Kxf7 {[%clk 0:05:46]} 23. Bxd4
{[%clk 0:13:31]} h5 {[%clk 0:05:45]} 24. O-O {[%clk 0:12:57]} Qb7
{[%clk 0:01:42]} 25. Nb6 {[%clk 0:12:43]} Rf8 {[%clk 0:00:43]} 26. Bxf6
{[%clk 0:12:10]} Bxf6 {[%clk 0:00:48]} 27. Rxf6+ {[%clk 0:12:32]} Kxf6
{[%clk 0:01:02]} 28. e5+ {[%clk 0:12:59]} 1-0

[Event "Copenhagen Chess Challenge 2"]
[Site "?"]
[Date "2015.05.01"]
[Round "5.4"]
[White "Lien,2054, Kjell Håkon"]
[Black "Rewitz,2272, FM Poul"]
[Result "1-0"]
[BlackElo "2272"]
[WhiteElo "2054"]
[LiveChessVersion "1.4.6"]

1. c4 {[%clk 1:30:58]} e6 {[%clk 1:29:29]} 2. g3 {[%clk 1:31:23]} d5
{[%clk 1:26:07]} 3. Bg2 {[%clk 1:31:45]} c6 {[%clk 1:26:16]} 4. Nf3
{[%clk 1:32:11]} Nf6 {[%clk 1:25:20]} 5. O-O {[%clk 1:32:35]} Be7
{[%clk 1:24:39]} 6. d4 {[%clk 1:32:03]} Nbd7 {[%clk 1:24:25]} 7. Nfd2
{[%clk 1:30:16]} O-O {[%clk 1:23:05]} 8. Nc3 {[%clk 1:30:44]} a6 {[%clk 1:12:36]}
9. e4 {[%clk 1:27:08]} dxc4 {[%clk 1:10:32]} 10. Nxc4 {[%clk 1:27:26]} b5
{[%clk 1:10:31]} 11. Ne3 {[%clk 1:27:55]} Bb7 {[%clk 1:09:32]} 12. e5
{[%clk 1:27:46]} Nd5 {[%clk 1:08:32]} 13. Ncxd5 {[%clk 1:28:10]} cxd5
{[%clk 1:08:17]} 14. f4 {[%clk 1:27:47]} Qb6 {[%clk 1:02:28]} 15. f5
{[%clk 0:54:26]} Rac8 {[%clk 0:50:55]} 16. Bh3 {[%clk 0:45:07]} Bg5
{[%clk 0:45:43]} 17. fxe6 {[%clk 0:38:36]} Rxc1 {[%clk 0:36:45]} 18. Qxc1
{[%clk 0:38:48]} Qxd4 {[%clk 0:34:41]} 19. Kh1 {[%clk 0:31:32]} Bxe3
{[%clk 0:33:47]} 20. Qc7 {[%clk 0:31:30]} Ba8 {[%clk 0:02:42]} 21. Qxd7
{[%clk 0:26:15]} Qxb2 {[%clk 0:01:45]} 22. exf7+ {[%clk 0:26:12]} Kh8
{[%clk 0:02:10]} 23. Bg2 {[%clk 0:26:05]} Qxe5 {[%clk 0:01:24]} 24. Rae1
{[%clk 0:18:46]} g6 {[%clk 0:01:47]} 25. Re2 {[%clk 0:16:02]} Kg7
{[%clk 0:01:30]} 26. Rc2 {[%clk 0:16:21]} Bb6 {[%clk 0:00:44]} 27. Rc8
{[%clk 0:16:28]} Qe2 {[%clk 0:00:39]} 28. Rxf8 {[%clk 0:16:31]} Kxf8
{[%clk 0:00:44]} 29. Qc8+ {[%clk 0:16:52]} 1-0

[Event "Copenhagen Chess Challenge 2"]
[Site "?"]
[Date "2015.05.01"]
[Round "5.5"]
[White "Stojanovski,2232, Sandi"]
[Black "Pallesen,2059, Jacob"]
[Result "1-0"]
[BlackElo "2059"]
[WhiteElo "2232"]
[LiveChessVersion "1.4.6"]

1. d4 {[%clk 1:30:11]} g6 {[%clk 1:30:46]} 2. e4 {[%clk 1:29:07]} Bg7
{[%clk 1:31:07]} 3. Nf3 {[%clk 1:28:48]} d6 {[%clk 1:31:20]} 4. Nc3
{[%clk 1:26:44]} a6 {[%clk 1:31:38]} 5. a4 {[%clk 1:26:11]} b6 {[%clk 1:27:20]}
6. Be2 {[%clk 1:18:47]} Bb7 {[%clk 1:26:20]} 7. O-O {[%clk 1:17:42]} e6
{[%clk 1:24:56]} 8. Bg5 {[%clk 1:06:55]} Ne7 {[%clk 1:24:17]} 9. Qd2
{[%clk 1:06:41]} Nd7 {[%clk 1:23:01]} 10. Bh6 {[%clk 1:01:19]} O-O
{[%clk 1:22:00]} 11. Bxg7 {[%clk 1:00:29]} Kxg7 {[%clk 1:22:23]} 12. Qf4
{[%clk 0:59:31]} Nc6 {[%clk 1:17:23]} 13. e5 {[%clk 0:54:21]} Qe7
{[%clk 1:08:19]} 14. Ne4 {[%clk 0:35:51]} d5 {[%clk 1:00:21]} 15. Ng3
{[%clk 0:33:21]} Na5 {[%clk 0:59:08]} 16. c3 {[%clk 0:26:12]} c5 {[%clk 0:58:02]}
17. dxc5 {[%clk 0:23:48]} bxc5 {[%clk 0:56:42]} 18. b4 {[%clk 0:22:50]} Nb3
{[%clk 0:53:27]} 19. Rab1 {[%clk 0:22:07]} c4 {[%clk 0:53:49]} 20. Nd4
{[%clk 0:22:06]} Nxd4 {[%clk 0:49:55]} 21. Qxd4 {[%clk 0:21:56]} Bc6
{[%clk 0:46:44]} 22. Bd1 {[%clk 0:21:47]} Qd8 {[%clk 0:42:49]} 23. f4
{[%clk 0:21:11]} Nb6 {[%clk 0:37:23]} 24. Ra1 {[%clk 0:21:03]} Rb8
{[%clk 0:35:38]} 25. Bc2 {[%clk 0:21:16]} Qe8 {[%clk 0:28:29]} 26. a5
{[%clk 0:18:49]} Nd7 {[%clk 0:24:08]} 27. Rae1 {[%clk 0:18:28]} Kg8
{[%clk 0:21:47]} 28. Re3 {[%clk 0:12:45]} f5 {[%clk 0:16:42]} 29. exf6
{[%clk 0:13:04]} Qf7 {[%clk 0:16:42]} 30. Ne2 {[%clk 0:11:37]} Nxf6
{[%clk 0:14:55]} 31. Qd2 {[%clk 0:09:00]} Ng4 {[%clk 0:13:26]} 32. Rg3
{[%clk 0:08:34]} Nh6 {[%clk 0:13:15]} 33. Nd4 {[%clk 0:08:27]} Bd7
{[%clk 0:13:17]} 34. Rgf3 {[%clk 0:06:26]} Qf6 {[%clk 0:11:10]} 35. h3
{[%clk 0:05:21]} Nf7 {[%clk 0:10:38]} 36. Re1 {[%clk 0:04:48]} Nd6
{[%clk 0:10:15]} 37. Kh2 {[%clk 0:03:57]} Nb5 {[%clk 0:09:17]} 38. Nxb5
{[%clk 0:04:05]} Bxb5 {[%clk 0:09:25]} 39. Qe3 {[%clk 0:03:33]} Rbe8
{[%clk 0:08:23]} 40. Qe5 {[%clk 0:03:39]} Qxe5 {[%clk 0:07:51]} 41. Rxe5
{[%clk 0:04:08]} Bd7 {[%clk 0:05:15]} 42. Re1 {[%clk 0:03:44]} Rf7
{[%clk 0:05:00]} 43. Kg3 {[%clk 0:03:43]} Ref8 {[%clk 0:04:36]} 44. Rd1
{[%clk 0:03:48]} Kg7 {[%clk 0:04:42]} 45. Rd4 {[%clk 0:03:59]} h6
{[%clk 0:03:45]} 46. h4 {[%clk 0:04:15]} Re7 {[%clk 0:02:56]} 47. Re3
{[%clk 0:04:38]} Ref7 {[%clk 0:01:10]} 48. Re5 {[%clk 0:04:54]} Rf6
{[%clk 0:01:11]} 49. Kf3 {[%clk 0:04:38]} Kh8 {[%clk 0:01:12]} 50. Ke3
{[%clk 0:04:40]} Kg7 {[%clk 0:01:19]} 51. g3 {[%clk 0:04:52]} Kh8
{[%clk 0:01:05]} 52. Rd1 {[%clk 0:04:53]} Kg7 {[%clk 0:01:17]} 53. Kd4
{[%clk 0:04:49]} Rc8 {[%clk 0:01:17]} 54. Ra1 {[%clk 0:05:05]} Kf7
{[%clk 0:00:52]} 55. Ba4 {[%clk 0:05:01]} Ke7 {[%clk 0:00:40]} 56. Bc2
{[%clk 0:04:39]} Kd6 {[%clk 0:00:48]} 57. Rh1 {[%clk 0:03:19]} Rg8
{[%clk 0:00:59]} 58. Ke3 {[%clk 0:03:15]} Rf7 {[%clk 0:00:39]} 59. g4
{[%clk 0:03:04]} Rfg7 {[%clk 0:00:39]} 60. Bd1 {[%clk 0:02:18]} g5
{[%clk 0:00:39]} 61. hxg5 {[%clk 0:02:34]} hxg5 {[%clk 0:01:04]} 62. Rxg5
{[%clk 0:02:47]} Rxg5 {[%clk 0:01:28]} 63. fxg5 {[%clk 0:03:12]} Rxg5
{[%clk 0:01:46]} 64. Rh6 {[%clk 0:02:08]} Re5+ {[%clk 0:01:17]} 65. Kd2
{[%clk 0:02:10]} Be8 {[%clk 0:00:36]} 66. Bf3 {[%clk 0:01:58]} Ke7
{[%clk 0:00:42]} 67. Rh1 {[%clk 0:01:48]} Kf6 {[%clk 0:00:52]} 68. Rf1
{[%clk 0:01:46]} Kg5 {[%clk 0:01:00]} 69. Be2 {[%clk 0:01:48]} Re4
{[%clk 0:00:36]} 70. Rf8 {[%clk 0:01:59]} Bb5 {[%clk 0:00:40]} 71. Bf3
{[%clk 0:01:30]} Rf4 {[%clk 0:00:31]} 72. Rg8+ {[%clk 0:01:50]} Kh6
{[%clk 0:00:46]} 73. Ke3 {[%clk 0:01:58]} Rf7 {[%clk 0:00:31]} 74. Be2
{[%clk 0:01:31]} Kh7 {[%clk 0:00:38]} 75. Rg5 {[%clk 0:01:34]} Kh6
{[%clk 0:00:42]} 76. Rg8 {[%clk 0:01:49]} Kh7 {[%clk 0:01:06]} 77. Rg5
{[%clk 0:01:32]} Kh6 {[%clk 0:01:27]} 78. Rh5+ {[%clk 0:01:31]} Kg7
{[%clk 0:01:27]} 79. Rh2 {[%clk 0:01:27]} Kg6 {[%clk 0:00:45]} 80. Rh1
{[%clk 0:01:17]} Kg5 {[%clk 0:00:51]} 81. Bd1 {[%clk 0:01:30]} Kf6
{[%clk 0:00:00]} 1-0

[Event "Copenhagen Chess Challenge 2"]
[Site "?"]
[Date "2015.05.01"]
[Round "5.6"]
[White "Tandrup,1963, Michael"]
[Black "Mitscherling,2221, FM Andreas"]
[Result "0-1"]
[BlackElo "2221"]
[WhiteElo "1963"]
[LiveChessVersion "1.4.6"]

1. c4 {[%clk 1:30:45]} d6 {[%clk 1:30:49]} 2. g3 {[%clk 1:30:58]} f5
{[%clk 1:31:12]} 3. d4 {[%clk 1:30:09]} Nf6 {[%clk 1:31:30]} 4. Bg2
{[%clk 1:30:08]} g6 {[%clk 1:31:50]} 5. Nc3 {[%clk 1:30:20]} Bg7 {[%clk 1:31:48]}
6. Nf3 {[%clk 1:29:50]} O-O {[%clk 1:32:10]} 7. O-O {[%clk 1:29:46]} Nc6
{[%clk 1:32:31]} 8. d5 {[%clk 1:21:27]} Ne5 {[%clk 1:32:53]} 9. Qc2
{[%clk 1:12:23]} a6 {[%clk 1:25:39]} 10. b3 {[%clk 1:11:49]} h6 {[%clk 1:23:12]}
11. Bb2 {[%clk 1:11:29]} g5 {[%clk 1:23:23]} 12. Nd4 {[%clk 1:10:31]} Nh7
{[%clk 1:21:16]} 13. Bh3 {[%clk 1:07:08]} g4 {[%clk 1:20:34]} 14. Bg2
{[%clk 1:07:25]} Nxc4 {[%clk 1:17:21]} 15. Ne6 {[%clk 1:02:33]} Bxe6
{[%clk 1:17:45]} 16. dxe6 {[%clk 1:01:46]} Nxb2 {[%clk 1:16:03]} 17. Bxb7
{[%clk 1:00:18]} Ng5 {[%clk 1:14:06]} 18. Qxb2 {[%clk 0:58:36]} Rb8
{[%clk 1:11:44]} 19. Bg2 {[%clk 0:56:13]} c6 {[%clk 1:09:03]} 20. Qc2
{[%clk 0:55:58]} Nxe6 {[%clk 1:08:20]} 21. Rad1 {[%clk 0:54:58]} Qa5
{[%clk 1:06:07]} 22. Nd5 {[%clk 0:40:27]} cxd5 {[%clk 1:03:19]} 23. Bxd5
{[%clk 0:40:27]} Rf6 {[%clk 1:02:55]} 24. Qc4 {[%clk 0:39:35]} Kf7
{[%clk 1:00:27]} 25. e4 {[%clk 0:13:58]} Rb4 {[%clk 0:59:42]} 26. Qc8
{[%clk 0:12:57]} fxe4 {[%clk 0:58:13]} 27. Bc4 {[%clk 0:11:11]} Qc5
{[%clk 0:57:35]} 28. Qd7 {[%clk 0:11:17]} Rxc4 {[%clk 0:57:44]} 29. bxc4
{[%clk 0:11:17]} Rf5 {[%clk 0:56:11]} 30. Qb7 {[%clk 0:08:57]} Ng5
{[%clk 0:56:24]} 31. Rd5 {[%clk 0:08:10]} Nh3+ {[%clk 0:53:57]} 32. Kh1
{[%clk 0:08:14]} Rxf2 {[%clk 0:53:14]} 33. Qb1 {[%clk 0:04:46]} Qe3
{[%clk 0:50:03]} 34. Rf5+ {[%clk 0:03:24]} Kg6 {[%clk 0:50:14]} 35. R5xf2
{[%clk 0:02:45]} Nxf2+ {[%clk 0:50:37]} 36. Kg2 {[%clk 0:02:50]} Qf3+
{[%clk 0:50:53]} 0-1

[Event "Copenhagen Chess Challenge 2"]
[Site "?"]
[Date "2015.05.01"]
[Round "5.7"]
[White "Nielsen,2219, FM Lars Aaes"]
[Black "Rishovd,2033, Svein"]
[Result "1-0"]
[BlackElo "2033"]
[WhiteElo "2219"]
[LiveChessVersion "1.4.6"]

1. e4 {[%clk 1:30:57]} d5 {[%clk 1:30:57]} 2. exd5 {[%clk 1:31:02]} Qxd5
{[%clk 1:31:21]} 3. Nc3 {[%clk 1:31:10]} Qa5 {[%clk 1:31:47]} 4. Nf3
{[%clk 1:31:08]} Nf6 {[%clk 1:31:20]} 5. Bc4 {[%clk 1:31:11]} Bf5
{[%clk 1:31:40]} 6. O-O {[%clk 1:29:05]} e6 {[%clk 1:30:49]} 7. d3
{[%clk 1:29:02]} c6 {[%clk 1:28:05]} 8. Qe2 {[%clk 1:26:58]} Be7 {[%clk 1:24:28]}
9. a3 {[%clk 1:23:29]} O-O {[%clk 1:20:51]} 10. Nd4 {[%clk 1:22:37]} Bg4
{[%clk 1:18:30]} 11. f3 {[%clk 1:22:02]} Bc5 {[%clk 0:58:07]} 12. Be3
{[%clk 1:22:10]} Bxd4 {[%clk 0:58:31]} 13. Bxd4 {[%clk 1:21:57]} Bf5
{[%clk 0:57:43]} 14. Ne4 {[%clk 1:19:30]} Nbd7 {[%clk 0:53:00]} 15. g4
{[%clk 1:08:17]} Bg6 {[%clk 0:53:14]} 16. h4 {[%clk 1:08:41]} h5 {[%clk 0:48:33]}
17. Ng3 {[%clk 0:52:38]} Qc7 {[%clk 0:45:36]} 18. Kg2 {[%clk 0:50:48]} b5
{[%clk 0:36:34]} 19. Bb3 {[%clk 0:49:59]} c5 {[%clk 0:33:23]} 20. Bxf6
{[%clk 0:48:41]} Nxf6 {[%clk 0:33:36]} 21. g5 {[%clk 0:48:52]} Nd5
{[%clk 0:32:32]} 22. Bxd5 {[%clk 0:49:14]} exd5 {[%clk 0:32:55]} 23. f4
{[%clk 0:49:36]} Rae8 {[%clk 0:19:31]} 24. Qf3 {[%clk 0:49:27]} d4
{[%clk 0:19:33]} 25. Rae1 {[%clk 0:45:19]} f6 {[%clk 0:19:06]} 26. f5
{[%clk 0:30:17]} fxg5 {[%clk 0:19:20]} 27. Rxe8 {[%clk 0:30:41]} Bxe8
{[%clk 0:19:28]} 28. hxg5 {[%clk 0:30:59]} g6 {[%clk 0:15:57]} 29. f6
{[%clk 0:28:24]} Bf7 {[%clk 0:14:27]} 30. Re1 {[%clk 0:26:31]} Qd6
{[%clk 0:09:34]} 31. Re7 {[%clk 0:25:06]} a5 {[%clk 0:08:08]} 32. Ne4
{[%clk 0:25:12]} Qd5 {[%clk 0:08:06]} 33. Qf4 {[%clk 0:23:35]} c4
{[%clk 0:06:16]} 34. Qe5 {[%clk 0:23:01]} Rd8 {[%clk 0:05:24]} 35. Qc7
{[%clk 0:21:15]} Rf8 {[%clk 0:04:36]} 36. Re5 {[%clk 0:16:46]} Qa8
{[%clk 0:03:40]} 37. Kg3 {[%clk 0:15:41]} cxd3 {[%clk 0:03:43]} 38. cxd3
{[%clk 0:15:36]} Rc8 {[%clk 0:03:57]} 39. Qd7 {[%clk 0:14:30]} Qb8
{[%clk 0:01:33]} 40. Nd6 {[%clk 0:13:03]} Rf8 {[%clk 0:01:53]} 41. Nxf7
{[%clk 0:11:38]} Rxf7 {[%clk 0:02:14]} 42. Qe8+ {[%clk 0:12:03]} Qxe8
{[%clk 0:02:02]} 43. Rxe8+ {[%clk 0:12:16]} Rf8 {[%clk 0:02:19]} 44. Re5
{[%clk 0:12:03]} Rb8 {[%clk 0:02:36]} 45. Re7 {[%clk 0:11:32]} b4
{[%clk 0:02:59]} 46. a4 {[%clk 0:11:55]} Rc8 {[%clk 0:02:50]} 47. Rg7+
{[%clk 0:12:20]} Kf8 {[%clk 0:03:15]} 48. Rxg6 {[%clk 0:12:41]} Rc2
{[%clk 0:03:03]} 49. Rh6 {[%clk 0:12:53]} Rxb2 {[%clk 0:02:20]} 50. g6
{[%clk 0:13:05]} h4+ {[%clk 0:02:16]} 51. Rxh4 {[%clk 0:13:21]} Kg8
{[%clk 0:02:34]} 52. Rxd4 {[%clk 0:13:43]} 1-0

[Event "Copenhagen Chess Challenge 2"]
[Site "?"]
[Date "2015.05.01"]
[Round "5.8"]
[White "Nielsen,2197, Thomas Bach"]
[Black "Karlsson,2022, Ulf"]
[Result "1-0"]
[BlackElo "2022"]
[WhiteElo "2197"]
[LiveChessVersion "1.4.6"]

1. d4 {[%clk 1:30:58]} d5 {[%clk 1:30:21]} 2. c4 {[%clk 1:31:24]} e6
{[%clk 1:30:47]} 3. Nc3 {[%clk 1:31:48]} c5 {[%clk 1:31:14]} 4. cxd5
{[%clk 1:31:44]} exd5 {[%clk 1:31:25]} 5. Nf3 {[%clk 1:31:37]} Nc6
{[%clk 1:31:47]} 6. Bg5 {[%clk 1:28:40]} Qa5 {[%clk 1:27:30]} 7. dxc5
{[%clk 1:15:30]} Bxc5 {[%clk 1:24:58]} 8. e3 {[%clk 1:13:45]} h6 {[%clk 1:21:52]}
9. Bh4 {[%clk 1:13:21]} Be6 {[%clk 1:16:39]} 10. Bb5 {[%clk 1:05:34]} a6
{[%clk 1:14:25]} 11. Bxc6+ {[%clk 1:05:06]} bxc6 {[%clk 1:14:53]} 12. O-O
{[%clk 1:04:31]} Ne7 {[%clk 1:11:35]} 13. Nd4 {[%clk 1:02:20]} Bxd4
{[%clk 1:09:43]} 14. exd4 {[%clk 0:54:47]} Nf5 {[%clk 1:09:11]} 15. Bg3
{[%clk 0:53:44]} Nxg3 {[%clk 1:09:06]} 16. hxg3 {[%clk 0:53:32]} Rb8
{[%clk 1:08:05]} 17. Na4 {[%clk 0:52:38]} O-O {[%clk 1:08:18]} 18. b3
{[%clk 0:50:48]} Rfe8 {[%clk 1:05:10]} 19. Rc1 {[%clk 0:49:27]} Rbc8
{[%clk 1:00:24]} 20. Rc5 {[%clk 0:47:52]} Qb4 {[%clk 0:59:21]} 21. Qd3
{[%clk 0:45:50]} Bg4 {[%clk 0:57:09]} 22. f3 {[%clk 0:42:34]} Bh5
{[%clk 0:57:03]} 23. Kf2 {[%clk 0:42:37]} Bg6 {[%clk 0:56:35]} 24. Qc3
{[%clk 0:42:34]} Qb7 {[%clk 0:52:15]} 25. Re1 {[%clk 0:37:44]} Rxe1
{[%clk 0:50:20]} 26. Qxe1 {[%clk 0:38:03]} Bd3 {[%clk 0:50:41]} 27. Rc3
{[%clk 0:38:09]} Bb5 {[%clk 0:47:44]} 28. Nc5 {[%clk 0:37:31]} Qa8
{[%clk 0:47:17]} 29. a4 {[%clk 0:37:47]} 1-0